header

Basic orthopaedic biomechanics & mechano-biology / (Record no. 89378)

MARC details
000 -LEADER
fixed length control field 03277nam a2200457 i 4500
082 04 - DEWEY DECIMAL CLASSIFICATION NUMBER
Classification number 616.7
245 00 - TITLE STATEMENT
Title Basic orthopaedic biomechanics & mechano-biology /
250 ## - EDITION STATEMENT
Edition statement Third edition.
300 ## - PHYSICAL DESCRIPTION
Number of Pages 1 online resource (736 pages) :
Other physical details illustrations, portraits
500 ## - GENERAL NOTE
General note Revised edition of: Basic orthopaedic biomechanics / editors, Van C. Mow, Wilson C. Hayes. 2nd edition c1997.
505 0# - FORMATTED CONTENTS NOTE
Formatted contents note A brief history of science and orthopaedic biomechanics / Van C. Mow and Rik Huiskes -- Analysis of muscle and joint loads / Patrick J. Prendergast, Frans C. T. Van Der Helm, and Georg N. Duda -- Musculoskeletal dynamics, locomotion, and clinical applications / Thomas P. Andriacchi ... [et al.] -- Biomechanics of bone / Rik Huiskes and Bert van Rietbergen -- Structure and function of articular cartilage and meniscus / Van C. Mow, Faye H. Chen, and Weiyong Gu -- Physical regulation of cartilage metabolism / Farshid Guilak and Clark T. Hung -- Structure and function of ligaments and tendons / Savio L-Y. Woo ... [et al.] -- Biomechanical principles of cartilage and bone tissue engineering / Gordona Vunjak-Novakovic and Steven A. Goldstein --
Formatted contents note Quantitative anatomy and imaging of diarthrodial joint articular layers / Gerard A. Ateshian and Felix Eckstein -- Friction, lubrication, and wear of articular cartilage and diarthrodial joints / Gerard A. Ateshian and Van C. Mow -- Biomaterials / Ahmed El-Ghannam and Paul Ducheyne -- Biomechanics of the spine / Ian A.F. Stokes and James C. Iatridis -- Biomechanics of fracture fixation and fracture healing / Lutz E. Claes and Keita Ito -- Biomechanics and preclinical testing of artificial joints : the hip / Rik Huiskes and Jan Stolk -- Biomechanics of total knee replacement designs / Peter S. Walker.
650 #0 - SUBJECT ADDED ENTRY--TOPICAL TERM
Topical Term Orthopedics.
Topical Term Human mechanics.
700 1# - ADDED ENTRY--PERSONAL NAME
Personal name Mow, Van C.
Personal name Huiskes, Rik.
856 40 - ELECTRONIC LOCATION AND ACCESS
Uniform Resource Identifier http://site.ebrary.com/lib/rucke/Doc?id=10834445
264 #1 -
-- Philadelphia, Pennsylvania :
-- Lippincott Williams & Wilkins,
-- [2005]
-- �2005
336 ## -
-- text
-- rdacontent
337 ## -
-- computer
-- rdamedia
338 ## -
-- online resource
-- rdacarrier
588 ## -
-- Description based on print version record.

No items available.

© 2026 Rongo University
Contact us: librarian | system librarian | Rongo university